Encarnación : selección de los Registros de Ménades y otras fuentes /
Catálogo que presenta algunos casos de mujeres que fueron registradas como prostitutas por el Estado guatemalteco en cartillas controladas para sacar provecho de su sexualidad. No se trata de una exposición fotográfica, -aunque se presenta la imagen de algunos rostros-, sino de poner a descubierto u...
-д хадгалсан:
| Үндсэн зохиолч: | |
|---|---|
| Бусад зохиолчид: | , |
| Формат: | Ном |
| Хэл сонгох: | испани |
| Хэвлэсэн: |
Antigua, Guatemala :
Ediciones del Pensativo,
2013, c2013
|
| Нөхцлүүд: | |
| Шошгууд: |
Шошго байхгүй, Энэхүү баримтыг шошголох эхний хүн болох!
|
MARC
| LEADER | 00000nam^a2200000^a^4500 | ||
|---|---|---|---|
| 001 | 000456968 | ||
| 005 | 20250526000000.0 | ||
| 009 | 20260310124032.632 | ||
| 020 | |a 978-9929-8090-4-8 | ||
| 037 | |a Acervo ITESO - Biblioteca | ||
| 041 | |a GRA | ||
| 041 | |a ESP | ||
| 082 | |a 305. 3152097281 |b MAY | ||
| 100 | |a Mayorga, Juan Manuel |e (investigación) | ||
| 245 | 1 | 0 | |a Encarnación : |b selección de los Registros de Ménades y otras fuentes / |c Investigación de J.M. Mayorga ; texto de C. Escobar, A.C. Ericastilla. |
| 264 | 4 | |a Antigua, Guatemala : |b Ediciones del Pensativo, |c 2013, c2013 | |
| 300 | |a [68 p.] ; |c 18.0 cm. | ||
| 336 | |a texto |b txt |2 rdacontenido | ||
| 337 | |a sin mediación |b n |2 rdamedio | ||
| 338 | |a volumen |b nc |2 rdasoporte | ||
| 520 | |a Catálogo que presenta algunos casos de mujeres que fueron registradas como prostitutas por el Estado guatemalteco en cartillas controladas para sacar provecho de su sexualidad. No se trata de una exposición fotográfica, -aunque se presenta la imagen de algunos rostros-, sino de poner a descubierto una problemática que es minimizada u ocultada por la cultura patriarcal. De las prostitutas se ha hablado mucho, y siempre para minimizarlas, pero ellas son personas de quienes hay mucho que aprender, quienes deben estar en la historia, no como objetos sexuales adquiribles, sino como personas dignas de respeto. El objetivo de este trabajo de investigación es hablar con claridad de lo relacionado con la sexualidad humana, para librarse de la censura y la moral que se han impuesto en torno a un aspecto vital de la existencia humana que, más allá de la reproducción, potencia y abre la posibilidad de disfrutar los cuerpos y las relaciones. | ||
| 546 | |a Edición gráfica con texto en español | ||
| 649 | |a XX | ||
| 650 | |a Prostitutas - |z Guatemala - |x Condiciones Sociales y Culturales - |x Tema Principal | ||
| 650 | |a Marginados Sociales - |z Guatemala (Ciudad) - |x Condiciones Sociales y Culturales | ||
| 650 | |a Mujeres - |z Guatemala (Ciudad) - |x Condiciones Sociales y Culturales - |x Tema Principal | ||
| 650 | |a Género | ||
| 650 | |a Prostitución - |z Guatemala - |x Aspectos Sociales y Culturales - |x Tema Principal | ||
| 650 | |a Marginación - |z Guatemala - |x Tema Principal | ||
| 650 | |a Tráfico de Personas - |z Guatemala | ||
| 650 | |a Acoso - |z Guatemala | ||
| 650 | |a Discriminación de Género - |z Guatemala | ||
| 650 | |a Problemas Sociales - |z Guatemala | ||
| 650 | |a Sexualidad | ||
| 650 | |a Psicología | ||
| 650 | |a Sociología | ||
| 700 | |a Escobar, Carolina |e (texto) | ||
| 700 | |a Ericastilla, Anna Carla |e (texto) | ||
| 910 | |a Fondo Pedro Valtierra | ||
| 920 | |a Impresos - Libros | ||
| 930 | |a Libros Antiguos y Raros | ||
| 905 | |a 129 | ||
| 901 | |a 0500365323 |b IT2 |c LRA |i D |u 20250526 | ||
| 902 | |a https://opac.biblio.iteso.mx/vufind/Record/000456968 | ||